[Event "Steinfurt Bezirksliga 0809"]
[Site "Germany"]
[Date "2008.09.27"]
[Round "1.3"]
[White "Brinkmann, Franz Josef"]
[Black "Sandmann, Matthias"]
[Result "0-1"]
[WhiteElo "1698"]
[BlackElo "1422"]
[PlyCount "80"]
[EventDate "2008.09.27"]
[EventType "team-tourn"]
[EventRounds "9"]
[EventCountry "GER"]
[SourceTitle "EXT 2010"]
[Source "ChessBase"]
[SourceDate "2010.11.25"]
[SourceVersion "1"]
[SourceVersionDate "2010.11.25"]
[SourceQuality "1"]
[WhiteTeam "Rheine Klein Berlin II"]
[BlackTeam "Nordwalde II"]
[WhiteTeamCountry "GER"]
[BlackTeamCountry "GER"]

1. e4 e6 2. g3 d5 3. Bg2 Nc6 4. Ne2 Nf6 5. exd5 exd5 6. d4 Bd6 7. 0-0 Bg4 8. f3 Be6 9. Nf4 Qe7 10. Re1 Nxd4 11. Kh1 Bxf4 12. Bxf4 Nb5 13. a4 Nd6 14. Nc3 c6 15. b3 0-0 16. Ne2 Rfe8 17. Nd4 Qd7 18. Qd3 Nf5 19. Nxe6 Rxe6 20. Be5 g6 21. Re2 Rae8 22. Rae1 Qe7 23. Bf1 Nd7 24. Bb2 Qd6 25. f4 Nc5 26. Qf3 Rxe2 27. Rxe2 Rxe2 28. Bxe2 Qe6 29. Qc3 f6 30. Bf3 Ne4 31. Qa5 Ned6 32. Qd8+ Ne8 33. Kg2 Kf7 34. Qb8 Ne3+ 35. Kf2 Nxc2 36. Qxb7+ Kf8 37. Qxa7 Qe1+ 38. Kg2 Ne3+ 39. Kh3 Qf1+ 40. Kh4 Nf5+ 0-1